00454nam a22001577a 450000500170000001000150001702000260003203500140005803700130007208200130008510000200009824500540011826000330017227000460020530000450025120230120155428.0 aENG-136032 a9788174467676c225.00 aEN-119564 bDBAD/PUB a658.3124 aSimmonds, David aDesigning delivering training/cby David Simmonds aNew DelhibExcel Booksc2009 aA-45, Naraina, phase-IbNew Delhie110028 a226p.c24cm(pbk)bBibliography and Index